<?xml version="1.0" encoding="UTF-8"?>
<record
    xmlns:xsi="http://www.w3.org/2001/XMLSchema-instance"
    xsi:schemaLocation="http://www.loc.gov/MARC21/slim http://www.loc.gov/standards/marcxml/schema/MARC21slim.xsd"
    xmlns="http://www.loc.gov/MARC21/slim">

  <leader>04154nam a2200349 i 4500</leader>
  <controlfield tag="001">000027026</controlfield>
  <controlfield tag="003">DO-SdBNP</controlfield>
  <controlfield tag="005">20240913141919.0</controlfield>
  <controlfield tag="007">ta</controlfield>
  <controlfield tag="008">110329s1973    dr ac         000 0 spa d</controlfield>
  <datafield tag="040" ind1=" " ind2=" ">
    <subfield code="a">DO-SdBNP</subfield>
    <subfield code="b">spa</subfield>
    <subfield code="c">BNPHU</subfield>
    <subfield code="e">rda</subfield>
  </datafield>
  <datafield tag="082" ind1=" " ind2="4">
    <subfield code="a">972.9305</subfield>
    <subfield code="b">D637h 1973</subfield>
    <subfield code="2">22</subfield>
  </datafield>
  <datafield tag="245" ind1="0" ind2="0">
    <subfield code="a">Documentos hist&#xF3;ricos que se refieren a la intervenci&#xF3;n armada de los Estados Unidos de Norte-Am&#xE9;rica y la implantaci&#xF3;n de un gobierno militar americano en la Rep&#xFA;blica Dominicana /</subfield>
    <subfield code="c">recopilado por Antonio Hoepelman y Juan A. Senior.</subfield>
  </datafield>
  <datafield tag="250" ind1=" " ind2=" ">
    <subfield code="a">2a. ed.</subfield>
  </datafield>
  <datafield tag="264" ind1=" " ind2=" ">
    <subfield code="a">Santo Domingo :</subfield>
    <subfield code="b">Librer&#xED;a Dominicana,</subfield>
    <subfield code="c">1973.</subfield>
  </datafield>
  <datafield tag="300" ind1=" " ind2=" ">
    <subfield code="a">374 p&#xE1;ginas :</subfield>
    <subfield code="b">ilustraciones y retratos ;</subfield>
    <subfield code="c">21 cm.</subfield>
  </datafield>
  <datafield tag="336" ind1=" " ind2=" ">
    <subfield code="2">rdacontent</subfield>
    <subfield code="a">texto</subfield>
    <subfield code="b">txt</subfield>
  </datafield>
  <datafield tag="337" ind1=" " ind2=" ">
    <subfield code="2">rdamedia</subfield>
    <subfield code="a">sin mediaci&#xF3;n</subfield>
    <subfield code="b">n</subfield>
  </datafield>
  <datafield tag="338" ind1=" " ind2=" ">
    <subfield code="2">rdacarrier</subfield>
    <subfield code="a">volumen</subfield>
    <subfield code="b">nc</subfield>
  </datafield>
  <datafield tag="490" ind1="0" ind2=" ">
    <subfield code="a">Pensamiento dominicano ;</subfield>
    <subfield code="v">1</subfield>
  </datafield>
  <datafield tag="505" ind1=" " ind2=" ">
    <subfield code="a">T&#xED;tulos,5.-- Introducci&#xF3;n,7.-- Palabras preliminares,9.-- Datos biogr&#xE1;ficos de Monse&#xF1;or Adolfo A. Nouel,13.-- Carta de monse&#xF1;or Nouel al ministro americano Russell,17.-- Datos biogr&#xE1;ficos del licdo. Jacinto R. de Castro,20.-- La junta consultiva ante la comisi&#xF3;n senatorial,24.-- Datos biogr&#xE1;ficos de don Federico Vel&#xE1;zquez H.,26.-- Senador Attlee Pomerene,30.-- Senador Joseph Medill Mc Cormick,35.-- Senador Aristieus Andrieus Jones,36.-- Senador Tasker Lowndes Oddie,39.-- George Russell Leonard, taqu&#xED;grafo,40.-- La comisi&#xF3;n senatorial inicia sus labores,41.-- Licdo. Francisco J. Peynado,45.-- Extracto de las declaraciones del lic. Francisco J. Peynado,47.-- Dr. Mois&#xE9;s Garc&#xED;a Mella,60.-- Declaraciones del dr. Mois&#xE9;s Garc&#xED;a Mella,63.-- Opini&#xF3;n del dr. Mois&#xE9;s Garc&#xED;a Mella,82.-- Licdo. Pedro A. P&#xE9;rez, 84.-- El lic. Pedro A. P&#xE9;rez ante la comisi&#xF3;n senatorial,88.-- Licdo. Enrique Henr&#xED;quez, 100.-- Importantes declaraciones del Lic. Enrique Henr&#xED;quez, 104.-- Licdo. Arturo Logro&#xF1;o,114.-- El licdo. Logro&#xF1;o ante la comisi&#xF3;n,117.-- Don Jos&#xE9; Manuel Jimenes,140.-- Declaraciones de don Jos&#xE9; Manuel Jimenes,143.-- Don Pedro A. Ricart,151.-- Palabras del presidente de la c&#xE1;mara de comercio,152.-- El dr. Corad&#xED;n frente a la comisi&#xF3;n senatorial,154.--Pedro Hern&#xE1;ndez Rivera ante la comisi&#xF3;n,158.-- Otra vez el doctor Corad&#xED;n ante la comisi&#xF3;n,164.-- Licdo. Manuel de J. Gonz&#xE1;lez Marrero,173.-- Declaraciones del sr. Luis Batista,174.-- Don Rafael Isaac Pou,185.-- El sr. Rafael Isaac Pou ante la comisi&#xF3;n senatorial,186.-- Licdo. Rafael Justino Castillo,203.-- Sensacionales declaraciones del sr. Fco. A. Cordero,204.-- Declaraciones del sr. Jes&#xFA;s Ma. V&#xE1;squez,208.-- Declaraciones del sr. Emilio Su&#xE1;rez,219.-- Don Jes&#xFA;s Cobian Arango,230.-- Declaraciones del sr. Doroteo A. Regalado,234.-- Hon. Horace Greeley Knowles,240.-- Declaraciones de Knowles ante la comisi&#xF3;n de senadores,243.-- Manifestaci&#xF3;n de protesta del pueblo dominicano,251.-- Don Julio F. Peynado,255.-- Palabras pronunciadas por el prof. Julio F. Peynado,257.-- Palabras del senador Mc Cormick,260.-- Palabras del senador Pomerene,261.-- Informe del licdo. Francisco J. Peynado,263.-- Dr. Francisco Henr&#xED;quez y Carvajal,294.-- General Horacio V&#xE1;squez,300.-- Licdo. Enrique Jimenez,306.-- Compromiso solemne de Puerto Plata,312.-- Licdo. Cayetano Armando Rodr&#xED;guez,319.-- Consultor jur&#xED;dico de la S. de E. de justicia etc.,321.-- Carta de la Hon. C&#xE1;mara de Cuentas de la Rep&#xFA;blica,326.-- Se hace conocer uno de los tent&#xE1;culos etc,328.-- Resumen de las actuaciones de la canciller&#xED;a dominicana,330.-- P&#xE1;gina final,372.</subfield>
  </datafield>
  <datafield tag="533" ind1=" " ind2=" ">
    <subfield code="a">Facs&#xED;mil:</subfield>
    <subfield code="b">Santo Domingo :</subfield>
    <subfield code="c">Imprenta de J.R. Vda Garcia</subfield>
    <subfield code="d">1922.</subfield>
  </datafield>
  <datafield tag="590" ind1=" " ind2=" ">
    <subfield code="a">Inventariado, 2020/MF</subfield>
  </datafield>
  <datafield tag="650" ind1=" " ind2="4">
    <subfield code="a">Estados unidos</subfield>
    <subfield code="x">Relaciones exteriores</subfield>
    <subfield code="z">Rep&#xFA;blica Dominicana</subfield>
    <subfield code="9">44925</subfield>
  </datafield>
  <datafield tag="651" ind1=" " ind2="0">
    <subfield code="a">Rep&#xFA;blica Dominicana --</subfield>
    <subfield code="x">Historia --</subfield>
    <subfield code="y">Ocupaci&#xF3;n norteamericana, 1916-1924 </subfield>
    <subfield code="9">1926</subfield>
  </datafield>
  <datafield tag="651" ind1=" " ind2="4">
    <subfield code="a">Estados Unidos</subfield>
    <subfield code="x">Relaciones exteriores</subfield>
    <subfield code="z">Rep&#xFA;blica Dominicana</subfield>
    <subfield code="9">6309</subfield>
  </datafield>
  <datafield tag="651" ind1=" " ind2="4">
    <subfield code="a">Rep&#xFA;blica Dominicana</subfield>
    <subfield code="x">Relaciones Exteriores</subfield>
    <subfield code="z">Estados Unidos</subfield>
    <subfield code="9">6308</subfield>
  </datafield>
  <datafield tag="700" ind1="1" ind2=" ">
    <subfield code="a">Hoepelman, Antonio,</subfield>
    <subfield code="e">compilador</subfield>
    <subfield code="9">35971</subfield>
  </datafield>
  <datafield tag="700" ind1="1" ind2=" ">
    <subfield code="a">Senior, Juan A.,</subfield>
    <subfield code="e">compilador</subfield>
    <subfield code="9">54125</subfield>
  </datafield>
  <datafield tag="910" ind1=" " ind2=" ">
    <subfield code="a">Validado. Control de calidad EMS.</subfield>
  </datafield>
  <datafield tag="942" ind1=" " ind2=" ">
    <subfield code="2">ddc</subfield>
    <subfield code="c">LBS1</subfield>
  </datafield>
  <datafield tag="952" ind1=" " ind2=" ">
    <subfield code="0">0</subfield>
    <subfield code="1">0</subfield>
    <subfield code="2">ddc</subfield>
    <subfield code="5">6</subfield>
    <subfield code="7">0</subfield>
    <subfield code="8">DS</subfield>
    <subfield code="a">BNPHU</subfield>
    <subfield code="b">BNPHU</subfield>
    <subfield code="c">MI</subfield>
    <subfield code="d">2011-03-29</subfield>
    <subfield code="o">BNPHU DS 972.9305 D637h 1973</subfield>
    <subfield code="p">27026-50</subfield>
    <subfield code="r">2020-06-25</subfield>
    <subfield code="t">e.5</subfield>
    <subfield code="w">2020-06-25</subfield>
    <subfield code="y">LBS1</subfield>
  </datafield>
  <datafield tag="952" ind1=" " ind2=" ">
    <subfield code="0">0</subfield>
    <subfield code="1">0</subfield>
    <subfield code="2">ddc</subfield>
    <subfield code="5">6</subfield>
    <subfield code="7">0</subfield>
    <subfield code="8">DS</subfield>
    <subfield code="a">BNPHU</subfield>
    <subfield code="b">BNPHU</subfield>
    <subfield code="c">HD</subfield>
    <subfield code="d">2011-03-29</subfield>
    <subfield code="o">BNPHU DS 972.9305 D637h 1973</subfield>
    <subfield code="p">27026-30</subfield>
    <subfield code="r">2020-06-25</subfield>
    <subfield code="t">e.3</subfield>
    <subfield code="w">2020-06-25</subfield>
    <subfield code="y">LBS1</subfield>
  </datafield>
  <datafield tag="952" ind1=" " ind2=" ">
    <subfield code="0">0</subfield>
    <subfield code="1">0</subfield>
    <subfield code="2">ddc</subfield>
    <subfield code="5">6</subfield>
    <subfield code="7">0</subfield>
    <subfield code="8">DS</subfield>
    <subfield code="a">BNPHU</subfield>
    <subfield code="b">BNPHU</subfield>
    <subfield code="c">HD</subfield>
    <subfield code="d">2011-03-29</subfield>
    <subfield code="o">BNPHU DS 972.9305 D637h 1973</subfield>
    <subfield code="p">27026-40</subfield>
    <subfield code="r">2020-06-25</subfield>
    <subfield code="t">e.4</subfield>
    <subfield code="w">2020-06-25</subfield>
    <subfield code="y">LBS1</subfield>
  </datafield>
  <datafield tag="952" ind1=" " ind2=" ">
    <subfield code="0">0</subfield>
    <subfield code="1">0</subfield>
    <subfield code="2">ddc</subfield>
    <subfield code="5">1</subfield>
    <subfield code="7">0</subfield>
    <subfield code="8">PD</subfield>
    <subfield code="a">BNPHU</subfield>
    <subfield code="b">BNPHU</subfield>
    <subfield code="c">HD</subfield>
    <subfield code="d">2011-03-29</subfield>
    <subfield code="o">BNPHU PD 972.9305 D637h 1973</subfield>
    <subfield code="p">27026-10</subfield>
    <subfield code="r">2020-06-25</subfield>
    <subfield code="w">2020-06-25</subfield>
    <subfield code="y">LBS1</subfield>
  </datafield>
  <datafield tag="952" ind1=" " ind2=" ">
    <subfield code="0">0</subfield>
    <subfield code="1">0</subfield>
    <subfield code="2">ddc</subfield>
    <subfield code="5">1</subfield>
    <subfield code="7">0</subfield>
    <subfield code="8">PD</subfield>
    <subfield code="a">BNPHU</subfield>
    <subfield code="b">BNPHU</subfield>
    <subfield code="c">HD</subfield>
    <subfield code="d">2011-03-29</subfield>
    <subfield code="o">BNPHU PD 972.9305 D637h 1973</subfield>
    <subfield code="p">27026-20</subfield>
    <subfield code="r">2020-06-25</subfield>
    <subfield code="t">e.2</subfield>
    <subfield code="w">2020-06-25</subfield>
    <subfield code="y">LBS1</subfield>
  </datafield>
  <datafield tag="999" ind1=" " ind2=" ">
    <subfield code="c">26518</subfield>
    <subfield code="d">26518</subfield>
  </datafield>
</record>
